Публичность как основание уголовно-процессуального права (Запис № 335159)

МАРК-запис
000 -Лідер
fixed length control field 01250nam a22002657a 4500
001 - Контрольний номер
control field 49045
003 - Ідентифікатор контрольного номера
control field UA-OsUOA
005 - Дата та час останнього входження (трансакції)
control field 20230913111212.0
007 - Фіксоване поле фізичного опису
fixed length control field ta
008 - Елементи даних фіксованої довжини – загальна інформація
fixed length control field 20070917b un ||||| |||| 00| 0 ukr d
020 ## - Міжнародний стандартний книжковий номер (ISBN)
Міжнародний стандартний книжковий номер (ISBN) (НП) 9785932952733
040 ## - Джерело каталогізації
Агенція оригінальної каталогізації UA-OsUOA
Мова каталогізації rus
Агенція, яка здійснювала перезапис UA-OsUOA
Агенція, яка здійснювала модифікацію UA-OsUOA
041 ## - Код мови
Код мови тексту/ звукової доріжки чи окремого заголовка (П) rus
080 ## - Індекс Універсальної десяткової класифікації
Індекс Універсальної десяткової класифікації (УДК) (НП) 343.13(470)
090 ## - Локальний шифр розміщення
Класифікаційний індекс УДК 343.13(470)
Авторський знак (НП) А46
100 ## - Основне введення – ім’я особи
Ім’я особи (НП) Александрова Л. А.
245 ## - Відомості про назву
Назва (НП) Публичность как основание уголовно-процессуального права
Решта назви (НП) монография
260 ## - Публікація, розповсюдження і т.п. (Вихідні дані)
Місце публікації, розповсюдження і т.п. (П) М.
Ім’я/ наймення видавництва, розповсюджувача і т.п. (П) Юрлитинформ
Дата публікації, розповсюдження і т.п. (П) 2007
300 ## - Фізичний опис
Обсяг 144 с.
520 3# - Резюме і т.п.
Резюме, реферат, анотація, тощо (НП) Оглавление1. Идея публичности как основа возникновения и развития уголовного процесса2. Соотношение публичности и диспозитивности в современном уголовном процессе3. Феномен публичности уголовного судопроизводства
650 #7 - Додаткове предметне введення – тематичний термін
Тематичний термін чи географічна назва, як елемент введення (НП) 343 Кримінальне право. Карні порушення
Джерело заголовка чи терміна UDC
942 ## - Додаткові елементи входу (Коха)
Тип елемента Koha Книги
Source of classification or shelving scheme Universal Decimal Classification
955 ## - Код типу видання за змістом
Код типу видання за змістом (НП) Навчальні видання
Фонди
Стан вилучень Стан втрат Джерело класифікації або схеми стелажів Стан уражень Не для кредиту Постійне місце розташування Поточне розміщення Дата придбання Джерело придбання Вартість, звичайна ціна покупки Інвентарний номер Усього замовленно Повний номер виклику Штрих-код Дата останнього перегляду Ціна ефективна від Тип елемента Koha Код колекції
    Universal Decimal Classification     ЧЗ - Читальна зала ЧЗ - Читальна зала 17/09/2007 148/2007 19.25 108238   343.13(470) А46 108238 06/02/2022 17/09/2007 Книги  
    Universal Decimal Classification     ЧЗ - Читальна зала ЧЗ - Читальна зала 03/08/2017 31/2017 19.00 154308   343.13(470) А46 154308 06/02/2022 17/09/2007 Книги Колекція Бауліна Ю.В.
    Universal Decimal Classification     ЧЗ - Читальна зала ЧЗ - Читальна зала 08/11/2007 191/2007 30.30 109103   343.13(470) А46 109103 06/02/2022 08/11/2007 Книги